<?xml version="1.0" encoding="UTF-8"?>
<record
    xmlns:xsi="http://www.w3.org/2001/XMLSchema-instance"
    xsi:schemaLocation="http://www.loc.gov/MARC21/slim http://www.loc.gov/standards/marcxml/schema/MARC21slim.xsd"
    xmlns="http://www.loc.gov/MARC21/slim">

  <leader>02059nam0a2200337   4500</leader>
  <controlfield tag="001">RU\NLR\bibl\1153711</controlfield>
  <controlfield tag="005">20260406164708.0</controlfield>
  <datafield tag="010" ind1=" " ind2=" ">
    <subfield code="a">978-5-317-02049-1</subfield>
    <subfield code="9">200</subfield>
  </datafield>
  <datafield tag="021" ind1=" " ind2=" ">
    <subfield code="a">RU</subfield>
    <subfield code="b">2007-69070</subfield>
    <subfield code="9">3712</subfield>
  </datafield>
  <datafield tag="035" ind1=" " ind2=" ">
    <subfield code="a">(NLR Aleph) 001140496</subfield>
  </datafield>
  <datafield tag="090" ind1=" " ind2=" ">
    <subfield code="a">1414612</subfield>
    <subfield code="c">1414612</subfield>
  </datafield>
  <datafield tag="100" ind1=" " ind2=" ">
    <subfield code="a">20071114d2007    |||y0rusy50      ca</subfield>
  </datafield>
  <datafield tag="101" ind1="0" ind2=" ">
    <subfield code="a">rus</subfield>
  </datafield>
  <datafield tag="102" ind1=" " ind2=" ">
    <subfield code="a">RU</subfield>
  </datafield>
  <datafield tag="105" ind1=" " ind2=" ">
    <subfield code="a">ac  |||||||||</subfield>
  </datafield>
  <datafield tag="200" ind1="1" ind2=" ">
    <subfield code="a">&#x414;.&#x418;. &#x412;&#x430;&#x43B;&#x435;&#x43D;&#x442;&#x435;&#x439; &#x432; &#x432;&#x43E;&#x441;&#x43F;&#x43E;&#x43C;&#x438;&#x43D;&#x430;&#x43D;&#x438;&#x44F;&#x445; &#x43A;&#x43E;&#x43B;&#x43B;&#x435;&#x433; &#x438; &#x443;&#x447;&#x435;&#x43D;&#x438;&#x43A;&#x43E;&#x432;</subfield>
    <subfield code="e">&#x43A; 85-&#x43B;&#x435;&#x442;&#x438;&#x44E; &#x441;&#x43E; &#x434;&#x43D;&#x44F; &#x440;&#x43E;&#x436;&#x434;&#x435;&#x43D;&#x438;&#x44F; &#x414;.&#x418;. &#x412;&#x430;&#x43B;&#x435;&#x43D;&#x442;&#x435;&#x44F;, 40-&#x43B;&#x435;&#x442;&#x438;&#x44E; &#x441;&#x43E;&#x437;&#x434;&#x430;&#x43D;&#x438;&#x44F; &#x43A;&#x430;&#x444;&#x435;&#x434;&#x440;&#x44B; &#x43D;&#x430;&#x440;&#x43E;&#x434;&#x43E;&#x43D;&#x430;&#x441;&#x435;&#x43B;&#x435;&#x43D;&#x438;&#x44F; &#x438; 40-&#x43B;&#x435;&#x442;&#x438;&#x44E; &#x43E;&#x440;&#x433;&#x430;&#x43D;&#x438;&#x437;&#x430;&#x446;&#x438;&#x438; &#x426;&#x435;&#x43D;&#x442;&#x440;&#x430; &#x43F;&#x43E; &#x438;&#x437;&#x443;&#x447;&#x435;&#x43D;&#x438;&#x44E; &#x43F;&#x440;&#x43E;&#x431;&#x43B;&#x435;&#x43C; &#x43D;&#x430;&#x440;&#x43E;&#x434;&#x43E;&#x43D;&#x430;&#x441;&#x435;&#x43B;&#x435;&#x43D;&#x438;&#x44F; &#x44D;&#x43A;&#x43E;&#x43D;&#x43E;&#x43C;&#x438;&#x447;&#x435;&#x441;&#x43A;&#x43E;&#x433;&#x43E; &#x444;&#x430;&#x43A;&#x443;&#x43B;&#x44C;&#x442;&#x435;&#x442;&#x430; &#x41C;&#x413;&#x423; &#x438;&#x43C;. &#x41C;.&#x412;. &#x41B;&#x43E;&#x43C;&#x43E;&#x43D;&#x43E;&#x441;&#x43E;&#x432;&#x430;</subfield>
    <subfield code="f">&#x41C;&#x43E;&#x441;&#x43A;. &#x433;&#x43E;&#x441;. &#x443;&#x43D;-&#x442; &#x438;&#x43C;. &#x41C;.&#x412;. &#x41B;&#x43E;&#x43C;&#x43E;&#x43D;&#x43E;&#x441;&#x43E;&#x432;&#x430;, &#x42D;&#x43A;&#x43E;&#x43D;. &#x444;&#x430;&#x43A;., &#x426;&#x435;&#x43D;&#x442;&#x440; &#x43F;&#x43E; &#x438;&#x437;&#x443;&#x447;&#x435;&#x43D;&#x438;&#x44E; &#x43F;&#x440;&#x43E;&#x431;&#x43B;&#x435;&#x43C; &#x43D;&#x430;&#x440;&#x43E;&#x434;&#x43E;&#x43D;&#x430;&#x441;&#x435;&#x43B;&#x435;&#x43D;&#x438;&#x44F;</subfield>
    <subfield code="g">&#x43F;&#x43E;&#x434; &#x440;&#x435;&#x434;. &#x420;.&#x421;. &#x420;&#x43E;&#x442;&#x43E;&#x432;&#x43E;&#x439; &#x438; &#x41C;.&#x411;. &#x414;&#x435;&#x43D;&#x438;&#x441;&#x435;&#x43D;&#x43A;&#x43E;</subfield>
  </datafield>
  <datafield tag="205" ind1=" " ind2=" ">
    <subfield code="a">&#x418;&#x437;&#x434;. 2-&#x435;, &#x434;&#x43E;&#x43F;.</subfield>
  </datafield>
  <datafield tag="210" ind1=" " ind2=" ">
    <subfield code="a">&#x41C;&#x43E;&#x441;&#x43A;&#x432;&#x430;</subfield>
    <subfield code="c">&#x41C;&#x430;&#x43A;&#x441; &#x43F;&#x440;&#x435;&#x441;&#x441;</subfield>
    <subfield code="d">2007</subfield>
  </datafield>
  <datafield tag="215" ind1=" " ind2=" ">
    <subfield code="a">136 &#x441;.</subfield>
    <subfield code="c">&#x438;&#x43B;., &#x43F;&#x43E;&#x440;&#x442;&#x440;.</subfield>
    <subfield code="d">21</subfield>
  </datafield>
  <datafield tag="600" ind1=" " ind2="1">
    <subfield code="a">&#x412;&#x430;&#x43B;&#x435;&#x43D;&#x442;&#x435;&#x439;</subfield>
    <subfield code="b">&#x414;. &#x418;.</subfield>
    <subfield code="f">1922 - 1994</subfield>
    <subfield code="g">&#x414;&#x43C;&#x438;&#x442;&#x440;&#x438;&#x439; &#x418;&#x433;&#x43D;&#x430;&#x442;&#x44C;&#x435;&#x432;&#x438;&#x447;</subfield>
    <subfield code="j">&#x412;&#x43E;&#x441;&#x43F;&#x43E;&#x43C;&#x438;&#x43D;&#x430;&#x43D;&#x438;&#x44F;, &#x437;&#x430;&#x43F;&#x438;&#x441;&#x43A;&#x438; &#x438; &#x442;.&#x43F;.</subfield>
    <subfield code="9">2454566</subfield>
    <subfield code="3">RU\NLR\auth\661459105</subfield>
  </datafield>
  <datafield tag="606" ind1="1" ind2=" ">
    <subfield code="a">&#x414;&#x435;&#x43C;&#x43E;&#x433;&#x440;&#x430;&#x444;&#x438;&#x44F;</subfield>
    <subfield code="j">&#x421;&#x431;&#x43E;&#x440;&#x43D;&#x438;&#x43A;&#x438;</subfield>
    <subfield code="y">&#x420;&#x43E;&#x441;&#x441;&#x438;&#x439;&#x441;&#x43A;&#x430;&#x44F; &#x424;&#x435;&#x434;&#x435;&#x440;&#x430;&#x446;&#x438;&#x44F;</subfield>
    <subfield code="9">2167902</subfield>
    <subfield code="3">RU\NLR\auth\661304264</subfield>
  </datafield>
  <datafield tag="686" ind1=" " ind2=" ">
    <subfield code="a">&#x421;73(2)7&#x434;.&#x44F;43</subfield>
  </datafield>
  <datafield tag="686" ind1=" " ind2=" ">
    <subfield code="a">&#x421;73(2)73&#x44F;43</subfield>
  </datafield>
  <datafield tag="702" ind1=" " ind2="1">
    <subfield code="a">&#x420;&#x43E;&#x442;&#x43E;&#x432;&#x430;</subfield>
    <subfield code="b">&#x420;. &#x421;.</subfield>
    <subfield code="4">340</subfield>
  </datafield>
  <datafield tag="702" ind1=" " ind2="1">
    <subfield code="a">&#x412;&#x430;&#x43B;&#x435;&#x43D;&#x442;&#x435;&#x439;</subfield>
    <subfield code="b">&#x414;. &#x418;.</subfield>
    <subfield code="f">1922-1994</subfield>
    <subfield code="g">&#x414;&#x43C;&#x438;&#x442;&#x440;&#x438;&#x439; &#x418;&#x433;&#x43D;&#x430;&#x442;&#x44C;&#x435;&#x432;&#x438;&#x447;</subfield>
    <subfield code="4">570</subfield>
  </datafield>
  <datafield tag="712" ind1="0" ind2="2">
    <subfield code="4">570</subfield>
    <subfield code="a">&#x41C;&#x413;&#x423; &#x438;&#x43C;. &#x41C;. &#x412;. &#x41B;&#x43E;&#x43C;&#x43E;&#x43D;&#x43E;&#x441;&#x43E;&#x432;&#x430;</subfield>
    <subfield code="b">&#x426;&#x435;&#x43D;&#x442;&#x440; &#x43F;&#x43E; &#x438;&#x437;&#x443;&#x447;&#x435;&#x43D;&#x438;&#x44E; &#x43F;&#x440;&#x43E;&#x431;&#x43B;&#x435;&#x43C; &#x43D;&#x430;&#x440;&#x43E;&#x434;&#x43E;&#x43D;&#x430;&#x441;&#x435;&#x43B;&#x435;&#x43D;&#x438;&#x44F;</subfield>
    <subfield code="3">RU\NLR\AUTH\889936160</subfield>
    <subfield code="9">367157</subfield>
  </datafield>
  <datafield tag="801" ind1=" " ind2="0">
    <subfield code="a">RU</subfield>
    <subfield code="b">NLR</subfield>
    <subfield code="c">20071114</subfield>
    <subfield code="g">RCR</subfield>
  </datafield>
  <datafield tag="801" ind1=" " ind2="1">
    <subfield code="a">RU</subfield>
    <subfield code="b">NLR</subfield>
    <subfield code="c">20071114</subfield>
  </datafield>
  <datafield tag="942" ind1=" " ind2=" ">
    <subfield code="c">BOOK</subfield>
  </datafield>
  <datafield tag="980" ind1=" " ind2=" ">
    <subfield code="a">NB</subfield>
  </datafield>
  <datafield tag="995" ind1=" " ind2=" ">
    <subfield code="5">2007-11-14</subfield>
    <subfield code="a">ad</subfield>
    <subfield code="b">NLR01</subfield>
    <subfield code="c">NLR01</subfield>
    <subfield code="e">RF9</subfield>
    <subfield code="f">2547947</subfield>
    <subfield code="k">2007-3/31353</subfield>
    <subfield code="o">0</subfield>
    <subfield code="r">BOOK</subfield>
    <subfield code="s">2007331353_</subfield>
  </datafield>
  <datafield tag="995" ind1=" " ind2=" ">
    <subfield code="5">2007-11-14</subfield>
    <subfield code="a">ad</subfield>
    <subfield code="b">NLR01</subfield>
    <subfield code="c">NLR01</subfield>
    <subfield code="e">RF9</subfield>
    <subfield code="f">2547948</subfield>
    <subfield code="k">2007-3/31353</subfield>
    <subfield code="o">0</subfield>
    <subfield code="r">BOOK</subfield>
    <subfield code="s">2007331353_</subfield>
  </datafield>
</record>
